000 00851nam a2200241Ia 4500
003 OSt
005 20220923220259.0
006 a|||||r|||| 00| 0
007 ta
008 220922b |||||||| |||| 00| 0 hin d
024 _a185,663
037 _cTextual
040 _aARTS
_cARTS
_bhin
041 _2hin
_ahin
082 _aY1:1.2.C, 152J8 (Q4)
100 _aवियोगी, मोहन लाल महतो
245 0 _aजातक कालीन भारतीय संस्कृति
246 _aJātak kālīn bhāratīya sanskṛuti
260 _aपटना
_b बिहार राष्ट्रभाषा परिषद
_c1953
300 _a384 पृ.
_ccm.
942 _hY1:1.2.C, 152J8 (Q4)
_cTEXL
_2CC
999 _c338909
_d338909